Super Mario Bros. 2 Trivia - Statistics

General Stats
  • This quiz has been taken 59 times
  • The average score is 10 of 15
Answer Stats
Hint Answer % Correct
Name the second. Luigi
96%
Four characters are playable in this game. Name one. Mario
96%
Name the third. Princess Toadstool
93%
Name the fourth. Toad
93%
This character shoots eggs from it's mouth Birdo
73%
This shy little creature wears a mask Shy Guy
73%
It was all just a _ Dream
69%
To take more than two hits, you need to collect what? Mushroom
69%
The final boss? Wart
69%
Phanto's will chase after you if you steal their _ Key
64%
This game introduced Luigi's distinct _ ability. Jumping
62%
This exploding character debuts in this game Bob-Omb
60%
To power up, you need to collect what? Heart
38%
This masked creature shoots bullets at you Snifit
36%
The land in which the game takes place Subcon
29%
No matching quizzes found
Score Distribution
Percent of People with Each Score
Percentile by Number Answered
Your Score History
You have not taken this quiz